Touhou 1-10.5 Characters - Statistics

General Stats
  • This quiz has been taken 38 times
    34 since last reset
  • The average score is 34 of 40
Answer Stats
Picture Answer % Correct
Marisa Kirisame
100%
Reimu Hakurei
100%
Alice Margatroid
97%
Cirno
97%
Ran Yakumo
97%
Remilia Scarlet
97%
Suika Ibuki
97%
Youmu Konpaku
97%
Yukari Yakumo
97%
Chen
94%
Kaguya Houraisan
94%
Patchouli Knowledge
94%
Rumia
94%
Sakuya Izayoi
94%
Tewi Inaba
94%
Flandre Scarlet
91%
Fujiwara no Mokou
91%
Hong Meiling
91%
Sanae Kochiya
91%
Eirin Yagokoro
88%
Nitori Kawashiro
88%
Yuyuko Saigyouji
88%
Aya Shameimaru
84%
Eiki Shiki, Yamaxanadu
84%
Reisen Udongein Inaba
84%
Suwako Moriya
84%
Yuuka Kazami
84%
Lyrica Prismriver
81%
Merlin Prismriver
81%
Elly
78%
Komachi Onozuka
78%
Lunasa Prismriver
78%
Keine Kamishirasawa (Hakutaka Form)
75%
Keine Kamishirasawa (Human Form)
75%
Hieda no Akyu
69%
Hina Kagiyama
69%
Kanako Yasaka
69%
Tenshi Hinanawi
69%
Momiji Inubashiri
66%
Shanghai Doll
63%
No matching quizzes found
Score Distribution
Percent of People with Each Score
Percentile by Number Answered
Your Score History
You have not taken this quiz since the last reset